00463nam a2200181Ia 4500008004100000020001400041245001900055245001700074245005800091260001500149260001600164260000900180300001500189300002500204300001000229440003400239500000800273170705s9999 xx 000 0 und d a59052285x aWild weather : blightning! / cLorraine Jean Hopping ; illustrated by Jody Wheeler. aNew York : bScholastic, c1999 a47 pages : bcolor illustration ; c23cm. aHello reader science level 4. a600